000 00476nam a2200169Ia 4500
003 IN-BaIIA
008 211028s9999 xx 000 0 eng d
020 _a978-0-805-38662-2
040 _cIIA Library
080 _a530.12
_bHAR
100 _aHartle, J. B
_935591
245 0 _aGravity
_ban introduction to Einstein's general relativity
_cJ. B. Hartle
260 _aSan Francisco
_bPearson
_c2003
300 _axxii, 582p.
650 _aGeneral relativity
_93824
942 _cBK
999 _c18539
_d18539